| 000 | 00509nam a2200169 4500 | ||
|---|---|---|---|
| 001 | 122398 | ||
| 003 | ES-MaACL | ||
| 005 | 20240413063034.0 | ||
| 007 | t| | ||
| 008 | 070214s1959 ag r ||||1| spa d | ||
| 100 | 0 |
_aPrilutzky Farny, Julia, _d1912-2002 _993962 |
|
| 245 | 1 | 0 |
_aSu obra a través de críticas y opiniones / _cJulia Prilutzky Farny. |
| 260 |
_aBuenos Aires : _bPerlado, _c1959. |
||
| 300 |
_a34 p. ; _c20 cm. |
||
| 852 |
_aES-MaACL _j2060-F-9 _bR.64396 |
||
| 999 |
_c122398 _d122398 |
||